Park's Textbook of Preventive and Social Medicine/ (Record no. 1817)

MARC details
000 -LEADER
Fixed length control field 00598nam a2200217Ia 4500
003 - CONTROL NUMBER IDENTIFIER
Control field IIN
005 - DATE AND TIME OF LATEST TRANSACTION
Control field 20250519123733.0
008 - FIXED-LENGTH DATA ELEMENTS--GENERAL INFORMATION
Fixed length control field 250519s2025 xx a 001 0 eng d
020 ## - INTERNATIONAL STANDARD BOOK NUMBER / ISBN
Price Rs.1800.00
International Standard Book Number 9789382219262
040 ## - CATALOGING SOURCE
Original cataloging agency IIN
Language of cataloging English
082 ## - DEWEY DECIMAL CLASSIFICATION NUMBER
Classification number 614.44
Book Number PAR
100 1# - MAIN ENTRY--PERSONAL NAME
Personal name Park,K.
245 1# - TITLE STATEMENT
Title Park's Textbook of Preventive and Social Medicine/
Statement of responsibility K. Park
250 ## - EDITION STATEMENT
Edition statement 28th ed
260 ## - IMPRINT
Place of publication Jabalpur
Name of publisher Bhanot
Date of publication 2025
300 ## - PHYSICAL DESCRIPTION
Page / Vol. No 1060 p.
Other physical details ill.
500 ## - GENERAL NOTE
General note Includes Index
650 1# - SUBJECT ADDED ENTRY--TOPICAL TERM
Topical term Community Health Nursing
650 1# - SUBJECT ADDED ENTRY--TOPICAL TERM
Topical term Medicine, Preventive
Form subdivision Study and teaching
942 ## - ADDED ENTRY ELEMENTS (KOHA)
Koha item type Books
Holdings
Withdrawn status Lost status Source of classification Damaged status Not for loan Collection code Home library Current library Shelving location Date acquired Price Total Checkouts Call number Accession number Date last seen Date checked out Price effective from Koha item type
    Dewey Decimal Classification     Purches Book IDEAL INSTITUTE OF NURSING IDEAL INSTITUTE OF NURSING General Stacks 11/03/2025 1800.00 1 614.44 PAR 2030 15/01/2026 14/01/2026 19/05/2025 Books
© Ideal Institute Of Nursing, All rights reserved.         Powered by Koha